Tvorba metainformačného systému automatizovaného finančného systému - 1. etapa čiastková úloha ŠPEV V-1/5.5

Na minha lista:
Detalhes bibliográficos
Formato: Livro
Idioma:eslovaco
Publicado em: Bratislava Výskumný ústav finančnej a úverovej sústavy 1980
Colecção:Výskumné práce VP 6/81
Tags: Adicionar Tag
Sem tags, seja o primeiro a adicionar uma tag!

MARC

LEADER 00000nam a2200000 4500
001 c129133
005 20181203150425.9
041 0 |a slo 
044 |a SK 
245 1 0 |a Tvorba metainformačného systému automatizovaného finančného systému - 1. etapa  |b čiastková úloha ŠPEV V-1/5.5 
264 1 |a Bratislava  |b Výskumný ústav finančnej a úverovej sústavy  |c 1980 
300 |a 106 s. 
490 1 |a Výskumné práce VP  |v 6/81 
830 0 |a Výskumné práce VP  |v 6/81